[Event "Tata Steel India Blitz w"]
[Site "Kolkata IND"]
[Date "2022.12.03"]
[Round "1.1"]
[White "Vaishali, Rameshbabu"]
[Black "Harika, Dronavalli"]
[Result "1/2-1/2"]
[WhiteTitle "IM"]
[BlackTitle "GM"]
[WhiteElo "2425"]
[BlackElo "2507"]
[WhiteFideId "5091756"]
[BlackFideId "5015197"]
[EventDate "2022.12.03"]

1. d4 d5 2. Nf3 Bf5 3. g3 e6 4. Bg2 h6 5. O-O Nf6 6. c4 c6 7. Qb3 Qb6 8. c5 Qc7
9. Bf4 Qc8 10. Nc3 Be7 11. Nd2 O-O 12. e4 Bg6 13. Rfe1 Re8 14. a4 a5 15. h3 Nbd7
16. exd5 exd5 17. Re2 Nf8 18. Rae1 Ne6 19. Be5 Nd7 20. Nf3 Ndf8 21. g4 Bd3 22.
Re3 Bh7 23. Qd1 Qd8 24. Bg3 Ng6 25. Ne5 Nxe5 26. Bxe5 b6 27. cxb6 Qxb6 28. R3e2
Bg5 29. Rf1 Bf4 30. Bf3 Ra7 31. Kg2 Bxe5 32. Rxe5 Nf4+ 33. Kg3 Rxe5 34. dxe5 g5
35. Re1 Re7 36. Qd2 Qb4 37. h4 Ng6 38. hxg5 hxg5 39. Qxg5 Qxb2 40. Re3 d4 41.
Rd3 Qb4 42. Ne4 Rxe5 43. Nf6+ Kg7 44. Nh5+ Kg8 45. Nf6+ Kg7 46. Nh5+ Kg8 47.
Nf6+ 1/2-1/2

[Event "Tata Steel India Blitz w"]
[Site "Kolkata IND"]
[Date "2022.12.03"]
[Round "1.2"]
[White "Muzychuk, Mariya"]
[Black "Kulkarni, Bhakti"]
[Result "1-0"]
[WhiteTitle "GM"]
[BlackTitle "IM"]
[WhiteElo "2523"]
[BlackElo "2319"]
[WhiteFideId "14114550"]
[BlackFideId "5019516"]
[EventDate "2022.12.03"]

1. e4 d6 2. d4 Nf6 3. Nc3 e5 4. Nf3 Nbd7 5. Bc4 Be7 6. a4 O-O 7. O-O c6 8. Re1
h6 9. h3 Re8 10. a5 Rb8 11. Be3 b5 12. axb6 axb6 13. d5 b5 14. dxc6 bxc4 15.
cxd7 Bxd7 16. Qc1 Ra8 17. Rd1 Qc7 18. Rxa8 Rxa8 19. Nh4 Bf8 20. f4 exf4 21. Bxf4
g5 22. Bxg5 hxg5 23. Qxg5+ Bg7 24. Kh1 Ra5 25. Nd5 Nxd5 26. exd5 Ra8 27. Re1 Re8
28. Rxe8+ Bxe8 29. Nf5 f6 30. Qg3 Kf8 31. Nxd6 Ba4 32. c3 Bc2 33. h4 Qb8 34. h5
Qd8 35. Nxc4 Qxd5 36. Ne3 Qxh5+ 37. Kg1 Be4 38. Qb8+ Kf7 39. Qc7+ Kg8 40. Qb8+
Kh7 41. Qf4 Qe5 42. Qh4+ Kg8 43. Qf2 Bh6 44. Ng4 Qf4 45. Nxf6+ Kf7 46. Qxf4 Bxf4
47. Nxe4 Ke6 48. Kf2 Kf5 49. Kf3 Bc7 50. g4+ Ke5 51. b4 Bb6 52. g5 Kf5 53. c4 1-0

[Event "Tata Steel India Blitz w"]
[Site "Kolkata IND"]
[Date "2022.12.03"]
[Round "1.3"]
[White "Kiolbasa, Oliwia"]
[Black "Ushenina, Anna"]
[Result "1/2-1/2"]
[WhiteTitle "IM"]
[BlackTitle "GM"]
[WhiteElo "2410"]
[BlackElo "2454"]
[WhiteFideId "1154613"]
[BlackFideId "14110911"]
[EventDate "2022.12.03"]

1. e4 c5 2. Nf3 e6 3. d4 cxd4 4. Nxd4 a6 5. c4 Nf6 6. Nc3 Qc7 7. Be2 Bb4 8. O-O
O-O 9. Bg5 Bxc3 10. Bxf6 Bb4 11. Bg5 Bd6 12. h3 Nc6 13. Be3 Be5 14. Rc1 d6 15.
f4 Nxd4 16. Bxd4 Bxd4+ 17. Qxd4 e5 18. Qe3 exf4 19. Qxf4 Qc5+ 20. Kh1 Be6 21.
Rcd1 Qe5 22. b3 Rfd8 23. Bg4 Qxf4 24. Rxf4 Bxg4 25. Rxg4 Kf8 26. Kg1 h6 27. Rf4
Ke7 28. Rf5 Rac8 29. Rfd5 Rc5 30. Kf2 Rxd5 31. exd5 Kd7 32. Ke3 Re8+ 33. Kd3 Re5
34. Rf1 f6 35. Rf2 b5 36. a4 Kc7 37. axb5 axb5 38. Ra2 Kb6 39. Ra8 bxc4+ 40.
bxc4 Rg5 41. g4 h5 42. gxh5 Rxh5 43. Rb8+ Kc7 44. Rg8 Rxh3+ 45. Ke4 Rh4+ 46. Kf5
Rxc4 47. Rxg7+ Kb6 48. Ke6 Rc7 49. Rg1 Rc2 50. Kxd6 Kb7 51. Kd7 f5 52. Rb1+ Ka8
53. d6 Rh2 54. Kc7 Rc2+ 55. Kd8 f4 56. d7 f3 57. Rf1 f2 58. Ke7 Re2+ 59. Kf7 Rd2
60. Ke7 Re2+ 61. Kd6 Rd2+ 62. Kc7 Rc2+ 63. Kb6 Rb2+ 64. Kc6 Rc2+ 65. Kb6 Rb2+
66. Kc6 Rc2+ 67. Kd6 Rd2+ 68. Ke7 Re2+ 69. Kd8 Rd2 70. Rb1 Ka7 71. Kc7 Rc2+ 72.
Kd6 Rd2+ 73. Kc6 Rc2+ 74. Kd6 Rd2+ 1/2-1/2

[Event "Tata Steel India Blitz w"]
[Site "Kolkata IND"]
[Date "2022.12.03"]
[Round "1.4"]
[White "Savitha, Shri B"]
[Black "Dzagnidze, Nana"]
[Result "1-0"]
[WhiteTitle "WIM"]
[BlackTitle "GM"]
[WhiteElo "2411"]
[BlackElo "2517"]
[WhiteFideId "35061887"]
[BlackFideId "13601903"]
[EventDate "2022.12.03"]

1. e4 c5 2. Nf3 d6 3. d4 cxd4 4. Qxd4 a6 5. Be2 Nc6 6. Qe3 g6 7. O-O Bg7 8. Rd1
Nf6 9. h3 Bd7 10. c4 O-O 11. Nc3 Rb8 12. Rb1 Ne8 13. b3 Nc7 14. Bb2 b5 15. Nd5
Bxb2 16. Rxb2 f6 17. h4 Ne6 18. h5 g5 19. Nh2 Ne5 20. cxb5 axb5 21. Ng4 Kh8 22.
Nh6 Ng7 23. Rbd2 Be8 24. Nf5 Nxf5 25. exf5 Bc6 26. Qg3 Qd7 27. b4 Bxd5 28. Rxd5
Qxf5 29. Bd3 Qd7 30. Bb1 Rbc8 31. Qe3 Qe8 32. h6 Qf7 33. Qe4 Rc4 34. Qe3 Rxb4
35. a3 Rb2 36. Qc3 Nc4 37. a4 Rc8 38. axb5 Qe6 39. Qd3 Ne5 40. Qxh7# 1-0

[Event "Tata Steel India Blitz w"]
[Site "Kolkata IND"]
[Date "2022.12.03"]
[Round "1.5"]
[White "Muzychuk, Anna"]
[Black "Koneru, Humpy"]
[Result "0-1"]
[WhiteTitle "GM"]
[BlackTitle "GM"]
[WhiteElo "2522"]
[BlackElo "2572"]
[WhiteFideId "14111330"]
[BlackFideId "5008123"]
[EventDate "2022.12.03"]

1. e4 e5 2. Nf3 Nf6 3. d4 Nxe4 4. dxe5 Bc5 5. Bc4 Nxf2 6. Bxf7+ Kxf7 7. Qd5+ Kg6
8. Qxc5 Nxh1 9. Nc3 d6 10. Qc4 h6 11. e6 Kh7 12. Nd5 Re8 13. Nxc7 Bxe6 14. Nxe6
Qf6 15. Nd4 Nc6 16. Qd3+ Kh8 0-1

[Event "Tata Steel India Blitz w"]
[Site "Kolkata IND"]
[Date "2022.12.03"]
[Round "2.1"]
[White "Kulkarni, Bhakti"]
[Black "Savitha, Shri B"]
[Result "0-1"]
[WhiteTitle "IM"]
[BlackTitle "WIM"]
[WhiteElo "2319"]
[BlackElo "2411"]
[WhiteFideId "5019516"]
[BlackFideId "35061887"]
[EventDate "2022.12.03"]

1. d4 Nf6 2. Nf3 g6 3. Nc3 d5 4. Bf4 Bg7 5. Nb5 Na6 6. e3 c6 7. Nc3 Nc7 8. h3
O-O 9. Bd3 c5 10. O-O Ne6 11. Be5 cxd4 12. exd4 a6 13. Re1 b5 14. Bxf6 Bxf6 15.
Nxd5 Bg7 16. c3 Bb7 17. Ne3 b4 18. Rc1 bxc3 19. bxc3 Rc8 20. Bf1 Qa5 21. Nc4 Qh5
22. Nce5 Nf4 23. Rb1 Ba8 24. h4 f6 25. Nd3 Nh3+ 26. Kh2 Rxc3 27. Kxh3 g5 28. g3
g4+ 29. Kh2 Bxf3 30. Qd2 Rc7 31. Nf4 Qf5 32. Bxa6 Rc2 33. Bd3 Rxd2 34. Bxf5
Rxf2+ 35. Kg1 Rd2 36. Rxe7 Rd8 37. Rxg7+ Kxg7 38. Ne6+ Kh6 39. Nxd8 Rg2+ 40. Kf1
Rxg3 41. Rb6 Rh3 42. Rxf6+ Kh5 43. Bxh7 Rxh4 44. a4 Rh1+ 45. Kf2 Rh2+ 46. Ke3
Re2+ 47. Kf4 Rf2 48. Bg6+ Kh4 49. Bf5 Bg2+ 50. Ke3 Rf3+ 51. Ke2 Kg3 52. Ne6 Rf2+
53. Ke1 Rf1+ 54. Kd2 Rf2+ 55. Kc3 Be4 56. Ng7 Bd5 57. Bd3 Bf3 58. Nh5+ Kg2 59.
a5 Ra2 60. a6 g3 61. Rg6 Bxh5 62. Rg7 Bf3 63. a7 Kf2 64. Bc4 Ra3+ 65. Kb4 Ra1
66. Rf7 g2 67. d5 g1=Q 0-1

[Event "Tata Steel India Blitz w"]
[Site "Kolkata IND"]
[Date "2022.12.03"]
[Round "2.2"]
[White "Dzagnidze, Nana"]
[Black "Vaishali, Rameshbabu"]
[Result "0-1"]
[WhiteTitle "GM"]
[BlackTitle "IM"]
[WhiteElo "2517"]
[BlackElo "2425"]
[WhiteFideId "13601903"]
[BlackFideId "5091756"]
[EventDate "2022.12.03"]

1. c4 e5 2. Nc3 Nc6 3. Nf3 Nf6 4. e3 Bb4 5. Nd5 e4 6. Nxb4 Nxb4 7. Nd4 c5 8. Nb3
b6 9. d4 exd3 10. Bxd3 Nxd3+ 11. Qxd3 d5 12. cxd5 Qxd5 13. Qxd5 Nxd5 14. Bd2 Ba6
15. e4 Nc7 16. O-O-O Ne6 17. Bc3 Rd8 18. g3 Bb7 19. f3 Ke7 20. h4 h5 21. a3 f6
22. Rhe1 Bc6 23. Re3 Rxd1+ 24. Kxd1 Ba4 25. Kc2 c4 26. Bb4+ Kf7 0-1

[Event "Tata Steel India Blitz w"]
[Site "Kolkata IND"]
[Date "2022.12.03"]
[Round "2.3"]
[White "Muzychuk, Anna"]
[Black "Muzychuk, Mariya"]
[Result "1/2-1/2"]
[WhiteTitle "GM"]
[BlackTitle "GM"]
[WhiteElo "2522"]
[BlackElo "2523"]
[WhiteFideId "14111330"]
[BlackFideId "14114550"]
[EventDate "2022.12.03"]

1. e4 e5 2. Nf3 Nc6 3. Bb5 a6 4. Ba4 Nf6 5. O-O Nxe4 6. d4 b5 7. Bb3 d5 8. dxe5
Be6 9. c3 Be7 10. Nbd2 Nc5 11. Bc2 d4 12. Nb3 d3 13. Nxc5 dxc2 14. Qxd8+ Rxd8
15. Nxe6 fxe6 16. Be3 Rd5 17. Rac1 Nxe5 18. Nxe5 Rxe5 19. c4 b4 20. Rxc2 Kf7 21.
Rd1 Rd8 22. Rxd8 Bxd8 23. Kf1 Bg5 24. Ba7 Be7 25. g3 Bc5 26. Bb8 Bb6 27. c5 Rxc5
28. Rxc5 Bxc5 29. Bxc7 Bd4 30. b3 e5 31. f3 Ke6 32. Ke2 Kd5 33. Kd3 h5 34. h3
Bf2 35. g4 hxg4 36. hxg4 g6 37. Ba5 Bc5 38. Bd8 Bf2 39. Be7 Be1 40. Bf8 Bc3 41.
a3 a5 42. a4 Bd4 43. Be7 Bb6 44. Bh4 Bc7 45. Bf2 Bd8 46. Be3 Bc7 47. Ba7 Bd8 48.
Bf2 Bc7 49. Be3 Bd8 50. Bf2 1/2-1/2

[Event "Tata Steel India Blitz w"]
[Site "Kolkata IND"]
[Date "2022.12.03"]
[Round "2.4"]
[White "Harika, Dronavalli"]
[Black "Kiolbasa, Oliwia"]
[Result "1/2-1/2"]
[WhiteTitle "GM"]
[BlackTitle "IM"]
[WhiteElo "2507"]
[BlackElo "2410"]
[WhiteFideId "5015197"]
[BlackFideId "1154613"]
[EventDate "2022.12.03"]

1. Nf3 d5 2. g3 Nf6 3. Bg2 e6 4. O-O Be7 5. c4 O-O 6. b3 c5 7. Bb2 d4 8. e3 Nc6
9. exd4 cxd4 10. Re1 Bc5 11. d3 Re8 12. Ba3 Bxa3 13. Nxa3 e5 14. Nc2 Qd6 15. b4
Bf5 16. b5 Nd8 17. Nh4 Bd7 18. Qd2 h6 19. Qb4 Qc7 20. Qd2 Ne6 21. Nb4 Nc5 22. h3
Rad8 23. Kh2 Be6 24. Rac1 Qa5 25. Rxe5 Nxd3 26. Qxd3 Qxb4 27. Bxb7 Qb2 28. Rc2
Qb1 29. Bc6 Re7 30. Rd2 Qxd3 31. Rxd3 Bxc4 32. Rxd4 Rxd4 33. Rxe7 Rd2 34. Kg1
Rxa2 35. Nf5 Rb2 36. Rxa7 Bxb5 37. Ra8+ Kh7 38. Bxb5 Rxb5 39. Ne3 Rb2 40. Rc8
Ne4 41. Rc2 Rxc2 42. Nxc2 Nd6 1/2-1/2

[Event "Tata Steel India Blitz w"]
[Site "Kolkata IND"]
[Date "2022.12.03"]
[Round "2.5"]
[White "Koneru, Humpy"]
[Black "Ushenina, Anna"]
[Result "1/2-1/2"]
[WhiteTitle "GM"]
[BlackTitle "GM"]
[WhiteElo "2572"]
[BlackElo "2454"]
[WhiteFideId "5008123"]
[BlackFideId "14110911"]
[EventDate "2022.12.03"]

1. d4 d5 2. c4 e6 3. Nf3 Nf6 4. e3 Be7 5. Nbd2 O-O 6. Bd3 c5 7. b3 cxd4 8. exd4
b6 9. Bb2 Bb7 10. O-O Nc6 11. Qe2 Rc8 12. Rac1 Re8 13. Rfd1 Bf8 14. Nf1 g6 15.
Ne5 Bh6 16. Ne3 Nd7 17. Nxd7 Qxd7 18. c5 bxc5 19. Rxc5 Nb4 20. Bb5 Bc6 21. Ng4
Bg7 22. Bxc6 Nxc6 23. Qe3 h5 24. Ne5 Nxe5 25. dxe5 Rxc5 26. Qxc5 Rc8 27. Qd4 Rc2
28. Rc1 Qc7 29. Rxc2 Qxc2 30. h4 Qb1+ 31. Kh2 Qxa2 32. Qc3 Kh7 33. f3 Bh6 34.
Kg3 Qb1 35. Qd4 Qc2 36. b4 Bd2 37. Qxa7 Be1+ 38. Kh2 Qxb2 39. Qxf7+ Kh6 40. Qf8+
Kh7 41. Qf7+ 1/2-1/2

[Event "Tata Steel India Blitz w"]
[Site "Kolkata IND"]
[Date "2022.12.03"]
[Round "3.1"]
[White "Muzychuk, Mariya"]
[Black "Koneru, Humpy"]
[Result "1-0"]
[WhiteTitle "GM"]
[BlackTitle "GM"]
[WhiteElo "2523"]
[BlackElo "2572"]
[WhiteFideId "14114550"]
[BlackFideId "5008123"]
[EventDate "2022.12.03"]

1. e4 e5 2. Nf3 Nc6 3. Bc4 Bc5 4. c3 Nf6 5. d3 d6 6. O-O a5 7. a4 O-O 8. Bg5 h6
9. Bh4 Ba7 10. Na3 Qe7 11. Nc2 Be6 12. Qe2 Bxc4 13. dxc4 Qe6 14. Bxf6 Qxf6 15.
Ne3 Bxe3 16. Qxe3 Qe6 17. b3 Ne7 18. Rad1 b6 19. h3 f5 20. exf5 Nxf5 21. Qe4
Rae8 22. Rfe1 Qf6 23. Re2 Re7 24. b4 Ref7 25. Qd5 Ne7 26. Qe4 Ng6 27. Re3 Nf4
28. Rd2 g5 29. c5 h5 30. cxd6 cxd6 31. Qc6 g4 32. hxg4 hxg4 33. Rxd6 Qf5 34.
Rxe5 Qh7 1-0

[Event "Tata Steel India Blitz w"]
[Site "Kolkata IND"]
[Date "2022.12.03"]
[Round "3.2"]
[White "Savitha, Shri B"]
[Black "Muzychuk, Anna"]
[Result "1-0"]
[WhiteTitle "WIM"]
[BlackTitle "GM"]
[WhiteElo "2411"]
[BlackElo "2522"]
[WhiteFideId "35061887"]
[BlackFideId "14111330"]
[EventDate "2022.12.03"]

1. e4 e5 2. Nf3 Nc6 3. Bb5 a6 4. Ba4 Nf6 5. O-O Nxe4 6. d4 b5 7. Bb3 d5 8. dxe5
Be6 9. c3 Bc5 10. Nbd2 O-O 11. Bc2 Nxf2 12. Rxf2 f6 13. Nf1 Bxf2+ 14. Kxf2 fxe5
15. Kg1 Qd7 16. Ne3 d4 17. Ng5 dxe3 18. Nxe6 Qxd1+ 19. Bxd1 Rf7 20. Bxe3 Na5 21.
a4 Nc4 22. Bc5 Re8 23. axb5 axb5 24. Bf3 h6 25. Bd5 Kh8 26. b3 Nd2 27. Rd1 c6
28. Bxc6 Rxe6 29. Bd5 Rd7 30. Bxe6 Nf3+ 31. gxf3 Rxd1+ 32. Kf2 Rd2+ 33. Kg3 Rd3
34. Bf5 Rxc3 35. b4 Kg8 36. Kg2 Kf7 37. Bd7 Rc2+ 38. Kg3 Rc3 39. Kg2 Rc2+ 40.
Kg1 Rc1+ 41. Kg2 Rc2+ 42. Kg3 Rc3 43. Bc6 Ke6 44. Kg4 Rc4+ 45. Kg3 Rc3 46. Kg4
Rc4+ 47. Be4 Kf6 48. h4 g6 49. h5 g5 50. Bf8 Rc8 51. Bxh6 Rc4 52. Bxg5+ Kg7 53.
h6+ Kg8 54. Kh5 Rc7 55. h7+ 1-0

[Event "Tata Steel India Blitz w"]
[Site "Kolkata IND"]
[Date "2022.12.03"]
[Round "3.3"]
[White "Ushenina, Anna"]
[Black "Harika, Dronavalli"]
[Result "1/2-1/2"]
[WhiteTitle "GM"]
[BlackTitle "GM"]
[WhiteElo "2454"]
[BlackElo "2507"]
[WhiteFideId "14110911"]
[BlackFideId "5015197"]
[EventDate "2022.12.03"]

1. Nf3 Nf6 2. g3 g6 3. Bg2 Bg7 4. O-O O-O 5. d4 d6 6. c4 Nc6 7. Nc3 e5 8. dxe5
dxe5 9. Bg5 h6 10. Qxd8 Rxd8 11. Bxf6 Bxf6 12. Nd5 Kg7 13. Nxc7 Rb8 14. Rad1 e4
15. Nd2 Be5 16. Nd5 f5 17. b3 Be6 18. Nf4 Bxf4 19. gxf4 Nd4 20. Rfe1 Nc2 21. Rf1
Nd4 22. Rfe1 Nc2 23. Rf1 Nd4 1/2-1/2

[Event "Tata Steel India Blitz w"]
[Site "Kolkata IND"]
[Date "2022.12.03"]
[Round "3.4"]
[White "Vaishali, Rameshbabu"]
[Black "Kulkarni, Bhakti"]
[Result "1-0"]
[WhiteTitle "IM"]
[BlackTitle "IM"]
[WhiteElo "2425"]
[BlackElo "2319"]
[WhiteFideId "5091756"]
[BlackFideId "5019516"]
[EventDate "2022.12.03"]

1. d4 d5 2. Nf3 Nf6 3. Bf4 e6 4. e3 Bd6 5. Bg3 c5 6. Nbd2 O-O 7. c3 b6 8. Bd3
Bb7 9. Ne5 Nc6 10. f4 Ne7 11. Qf3 Nf5 12. Bf2 Be7 13. g4 Nd6 14. g5 Nfe4 15.
Bxe4 dxe4 16. Qg4 cxd4 17. cxd4 Rc8 18. h4 Rc2 19. h5 b5 20. g6 Qa5 21. Rd1 Nc4
22. gxf7+ Kh8 23. Ng6+ hxg6 24. hxg6+ 1-0

[Event "Tata Steel India Blitz w"]
[Site "Kolkata IND"]
[Date "2022.12.03"]
[Round "3.5"]
[White "Kiolbasa, Oliwia"]
[Black "Dzagnidze, Nana"]
[Result "1-0"]
[WhiteTitle "IM"]
[BlackTitle "GM"]
[WhiteElo "2410"]
[BlackElo "2517"]
[WhiteFideId "1154613"]
[BlackFideId "13601903"]
[EventDate "2022.12.03"]

1. e4 c5 2. Nf3 d6 3. d4 cxd4 4. Nxd4 Nf6 5. Nc3 a6 6. Be2 e5 7. Nb3 Be7 8. Bg5
Nbd7 9. a4 b6 10. Nd2 Bb7 11. Nc4 Qc7 12. f3 O-O 13. O-O Rfe8 14. Ne3 Rac8 15.
Nf5 Bf8 16. Qd2 h6 17. Be3 Nc5 18. Rad1 Red8 19. Bf2 d5 20. exd5 Nxd5 21. Nxd5
Rxd5 22. Qc1 Rxd1 23. Rxd1 Nxa4 24. c3 Nc5 25. Qd2 Ne6 26. Bd3 Rd8 27. Qe1 Bc5
28. Bc2 Rxd1 29. Bxd1 h5 30. Bc2 Bxf2+ 31. Qxf2 g6 32. Ng3 Qd6 33. Qe2 Nf4 34.
Qe3 Kg7 35. Ne4 Bxe4 36. fxe4 b5 37. g3 Ne6 38. Bb3 Qc5 39. Kf2 Qxe3+ 40. Kxe3
Nc5 41. Bc2 a5 42. b4 axb4 43. cxb4 Nb7 44. Bb3 Nd6 45. Bd5 f5 46. exf5 gxf5 47.
h4 Kf6 48. Bf3 Kg6 49. Bc6 Kf6 50. Bf3 Nc4+ 51. Ke2 Kg6 52. Bc6 Nd6 53. Ke3 1-0

[Event "Tata Steel India Blitz w"]
[Site "Kolkata IND"]
[Date "2022.12.03"]
[Round "4.1"]
[White "Muzychuk, Mariya"]
[Black "Savitha, Shri B"]
[Result "1-0"]
[WhiteTitle "GM"]
[BlackTitle "WIM"]
[WhiteElo "2523"]
[BlackElo "2411"]
[WhiteFideId "14114550"]
[BlackFideId "35061887"]
[EventDate "2022.12.03"]

1. e4 c5 2. Nc3 d6 3. g3 g6 4. Bg2 Bg7 5. d3 Nf6 6. f4 O-O 7. Nf3 Nc6 8. O-O e5
9. f5 Qb6 10. Kh1 gxf5 11. Nh4 f4 12. gxf4 Bg4 13. Qe1 Kh8 14. Qg3 Nd4 15. Rf2
Rg8 16. fxe5 dxe5 17. Bg5 h6 18. Bxf6 Bxf6 19. Nd5 Bxh4 20. Qxh4 Qd8 21. Qxh6# 1-0

[Event "Tata Steel India Blitz w"]
[Site "Kolkata IND"]
[Date "2022.12.03"]
[Round "4.2"]
[White "Muzychuk, Anna"]
[Black "Vaishali, Rameshbabu"]
[Result "1-0"]
[WhiteTitle "GM"]
[BlackTitle "IM"]
[WhiteElo "2522"]
[BlackElo "2425"]
[WhiteFideId "14111330"]
[BlackFideId "5091756"]
[EventDate "2022.12.03"]

1. e4 c5 2. Nf3 d6 3. d4 cxd4 4. Nxd4 Nf6 5. Nc3 Nc6 6. Bg5 e6 7. Qd2 a6 8.
O-O-O Be7 9. Bxf6 gxf6 10. f4 Nxd4 11. Qxd4 Qa5 12. Be2 Qc5 13. Qd2 b5 14. Bf3
Bb7 15. f5 b4 16. Ne2 e5 17. Kb1 a5 18. c3 Bc6 19. Rc1 Qb6 20. Rhd1 Ba4 21. Re1
Kd7 22. Ng3 bxc3 23. Rxc3 Rhc8 24. Ne2 Bb5 25. Rxc8 Rxc8 26. Nc3 Bc4 27. Be2
Bxe2 28. Rxe2 Bd8 29. a3 Qc5 30. Qc2 Rb8 31. Ka1 Bb6 32. Rd2 Qc6 33. Nd5 Qxc2
34. Rxc2 Bd4 35. Nxf6+ Kd8 36. Ka2 a4 37. Nxh7 Rb3 38. Nf6 Re3 39. h4 Re1 40. g4
d5 41. Nxd5 Rxe4 42. Rg2 Re1 43. g5 Ke8 44. g6 fxg6 45. fxg6 e4 46. g7 Bxg7 47.
Rxg7 Kf8 48. Rg3 Kf7 49. Re3 Rd1 50. Nc3 Rd2 51. Rxe4 1-0

[Event "Tata Steel India Blitz w"]
[Site "Kolkata IND"]
[Date "2022.12.03"]
[Round "4.3"]
[White "Kulkarni, Bhakti"]
[Black "Kiolbasa, Oliwia"]
[Result "0-1"]
[WhiteTitle "IM"]
[BlackTitle "IM"]
[WhiteElo "2319"]
[BlackElo "2410"]
[WhiteFideId "5019516"]
[BlackFideId "1154613"]
[EventDate "2022.12.03"]

1. d4 d5 2. Nf3 Nf6 3. c3 e6 4. Bf4 c5 5. e3 Bd6 6. Nbd2 O-O 7. Bg3 Qc7 8. Ne5
b6 9. Bd3 Ba6 10. Bc2 Rc8 11. h4 Nc6 12. Ndf3 Ne4 13. Bh2 f6 14. Nd3 Bxh2 15.
Rxh2 cxd4 16. cxd4 Nxd4 17. exd4 Qxc2 18. Qxc2 Rxc2 19. Nb4 Re2+ 20. Kf1 Rxf2+
21. Kg1 Bb7 22. b3 Rc8 23. Ne1 a5 24. Nbd3 Rd2 25. g4 Rxh2 26. Kxh2 Ba6 27. Rc1 0-1

[Event "Tata Steel India Blitz w"]
[Site "Kolkata IND"]
[Date "2022.12.03"]
[Round "4.4"]
[White "Dzagnidze, Nana"]
[Black "Ushenina, Anna"]
[Result "0-1"]
[WhiteTitle "GM"]
[BlackTitle "GM"]
[WhiteElo "2517"]
[BlackElo "2454"]
[WhiteFideId "13601903"]
[BlackFideId "14110911"]
[EventDate "2022.12.03"]

1. c4 e6 2. Nc3 d5 3. d4 Be7 4. cxd5 exd5 5. Bf4 Nf6 6. e3 Bf5 7. Qb3 Nc6 8. Rc1
Na5 9. Qd1 c6 10. Nf3 O-O 11. Be2 Nc4 12. Bxc4 dxc4 13. Ne5 Nd5 14. Nxc4 Nxc3
15. bxc3 Qd5 16. Qe2 Qxg2 17. Kd2 Qd5 18. f3 Be6 19. Ne5 Qxa2+ 20. Rc2 Qa5 21.
Rg1 Bf5 22. e4 Bg6 23. h4 Rfd8 24. Be3 Qxe5 25. Qg2 Bxh4 26. Rb2 b5 27. Kc1 Qe6 0-1

[Event "Tata Steel India Blitz w"]
[Site "Kolkata IND"]
[Date "2022.12.03"]
[Round "4.5"]
[White "Koneru, Humpy"]
[Black "Harika, Dronavalli"]
[Result "0-1"]
[WhiteTitle "GM"]
[BlackTitle "GM"]
[WhiteElo "2572"]
[BlackElo "2507"]
[WhiteFideId "5008123"]
[BlackFideId "5015197"]
[EventDate "2022.12.03"]

1. d4 d6 2. Nf3 g6 3. e4 Bg7 4. Bd3 Nf6 5. O-O O-O 6. h3 Nc6 7. c3 e5 8. Be3 Nh5
9. Re1 h6 10. Nbd2 Nf4 11. Bf1 g5 12. dxe5 dxe5 13. Bc5 Re8 14. Nc4 Qf6 15. Ne3
Be6 16. Nd5 Bxd5 17. exd5 Rad8 18. c4 e4 19. Nd2 Qxb2 20. Rb1 Qxa2 21. Nxe4 b6
22. g3 Ng6 23. Bb4 Nxb4 24. Rxb4 Qa3 25. Rb3 Qa2 26. Rbe3 Kh8 27. Bg2 a5 28. Qf3
Rf8 29. Nf6 Qb2 30. Nh5 a4 31. R1e2 Qa1+ 32. Kh2 Ra8 33. d6 cxd6 34. Nxg7 Kxg7
35. Ra3 Qd4 36. Qc6 Ra5 0-1

[Event "Tata Steel India Blitz w"]
[Site "Kolkata IND"]
[Date "2022.12.03"]
[Round "5.1"]
[White "Savitha, Shri B"]
[Black "Koneru, Humpy"]
[Result "0-1"]
[WhiteTitle "WIM"]
[BlackTitle "GM"]
[WhiteElo "2411"]
[BlackElo "2572"]
[WhiteFideId "35061887"]
[BlackFideId "5008123"]
[EventDate "2022.12.03"]

1. e4 e5 2. Nf3 Nf6 3. Nxe5 d6 4. Nf3 Nxe4 5. Nc3 Nxc3 6. dxc3 Be7 7. Be3 Nc6 8.
Qd2 Be6 9. O-O-O a6 10. Kb1 Qd7 11. Be2 Bf6 12. Nd4 Nxd4 13. Bxd4 Bxd4 14. cxd4
O-O 15. d5 Bf5 16. g4 Bxg4 17. Rhg1 f5 18. f3 Bh5 19. Qg5 Bg6 20. Bd3 Rae8 21.
h4 Qf7 22. h5 Bxh5 23. Bxf5 Kh8 24. Be6 Qg6 25. Qh4 Qh6 26. Rde1 Bg6 27. Qg3 Rf6
28. Bd7 Ref8 29. Bg4 Qf4 30. Qh3 h6 31. Be6 Kh7 32. Qg2 Qxf3 33. Qd2 Qf2 34. Qc3
c5 35. a4 Rf3 36. Qc4 b5 37. axb5 axb5 38. Qe2 Qxe2 39. Rxe2 Rf1+ 40. Rxf1 Rxf1+
41. Ka2 h5 42. Bd7 b4 43. Re6 Rf6 44. Re2 Kh6 45. Kb3 h4 46. c3 bxc3 47. bxc3
Bd3 48. Rh2 g5 49. Be6 Bf5 50. Rf2 Kg6 51. Bg8 Bd7 52. Bh7+ Kg7 53. Re2 Kxh7 54.
Re7+ Kg6 55. Rxd7 h3 56. Kc4 h2 0-1

[Event "Tata Steel India Blitz w"]
[Site "Kolkata IND"]
[Date "2022.12.03"]
[Round "5.2"]
[White "Vaishali, Rameshbabu"]
[Black "Muzychuk, Mariya"]
[Result "1/2-1/2"]
[WhiteTitle "IM"]
[BlackTitle "GM"]
[WhiteElo "2425"]
[BlackElo "2523"]
[WhiteFideId "5091756"]
[BlackFideId "14114550"]
[EventDate "2022.12.03"]

1. d4 d5 2. Nf3 Nf6 3. Bf4 Bf5 4. e3 e6 5. Bd3 Bd6 6. Ne5 O-O 7. O-O Nbd7 8.
Bxf5 exf5 9. Nd2 Qe7 10. Nxd7 Qxd7 11. Qf3 Ne4 12. Rfd1 g6 13. Bxd6 Qxd6 14.
Nxe4 fxe4 15. Qe2 f5 16. c4 c6 17. Rac1 f4 18. exf4 Rxf4 19. cxd5 cxd5 20. Qe3
Raf8 21. Rc2 Kg7 22. Rdc1 R8f7 23. a3 Qf6 24. Rc7 Qd6 25. Rxf7+ Rxf7 26. Rc5 b6
27. Rc3 Rc7 28. h3 a5 29. Qc1 Rxc3 30. Qxc3 h5 31. Qc8 Qf4 32. Qb7+ Kh6 33. Qxb6
Qc1+ 34. Kh2 Qf4+ 35. Kg1 Qc1+ 1/2-1/2

[Event "Tata Steel India Blitz w"]
[Site "Kolkata IND"]
[Date "2022.12.03"]
[Round "5.3"]
[White "Kiolbasa, Oliwia"]
[Black "Muzychuk, Anna"]
[Result "0-1"]
[WhiteTitle "IM"]
[BlackTitle "GM"]
[WhiteElo "2410"]
[BlackElo "2522"]
[WhiteFideId "1154613"]
[BlackFideId "14111330"]
[EventDate "2022.12.03"]

1. e4 e5 2. Nf3 Nc6 3. Bb5 a6 4. Ba4 Nf6 5. O-O Nxe4 6. d4 b5 7. Bb3 d5 8. Nxe5
Nxe5 9. dxe5 c6 10. Nd2 Nxd2 11. Bxd2 Be7 12. c3 Bf5 13. f4 Qd7 14. Be3 O-O 15.
a4 f6 16. Bd4 fxe5 17. Bxe5 Be4 18. Qd4 bxa4 19. Rxa4 Rf7 20. Qe3 Bf5 21. Rfa1
Qb7 22. c4 h6 23. cxd5 cxd5 24. Rd1 Be6 25. Bxg7 Kxg7 26. Qxe6 Qxb3 27. Rad4 Bc5
28. Qe5+ Kh7 0-1